000
00310nam a2200121Ia 4500
008
230717s9999 xx 000 0 und d
020
_a
1-874241-62-7
041
_a
eng
082
_a
346.059
_b
CUR
100
_a
Curzon L. B
245
_a
Equity And Trusts
260
_a
London
_b
Cavendish Publishing Limited
_c
1993
999
_c
671016
_d
671016